[Event "22nd Karpov Int."]
[Site "Khanty-Mansiysk RUS"]
[Date "2025.07.19"]
[Round "5.5"]
[White "Tabatabaei, M. Amin"]
[Black "Sargsyan, Shant"]
[Result "1-0"]
[WhiteTitle "GM"]
[BlackTitle "GM"]
[WhiteElo "2659"]
[BlackElo "2669"]
[WhiteFideId "12521213"]
[BlackFideId "13306766"]
[EventDate "2025.07.15"]

1. e4 e5 2. Nf3 Nc6 3. Bb5 a6 4. Ba4 Nf6 5. O-O Be7 6. d3 b5 7. Bb3 d6 8. c3 O-O
9. h3 Bb7 10. Bc2 Nb8 11. Re1 Nbd7 12. a3 Re8 13. c4 c6 14. Nc3 d5 15. cxd5 cxd5
16. Bb3 h6 17. Nxd5 Nxd5 18. Bxd5 Bxd5 19. exd5 Nb6 20. Rxe5 Bf6 21. Rxe8+ Qxe8
22. Qb3 Qd7 23. Bd2 Nxd5 24. Rc1 Re8 25. Rc5 Nb6 26. Ba5 Qd6 27. Qc2 Nd7 28. Rc6
Qd5 29. d4 Nf8 30. Rxa6 Bxd4 31. Nxd4 Qxd4 32. Bb4 Ng6 33. Rd6 Re1+ 34. Bxe1
Qxd6 35. Qe4 Qd1 36. Kh2 Qd6+ 37. g3 Nf8 38. Qa8 Qd4 39. Kg2 Kh7 40. Bc3 1-0

[Event "22nd Karpov Int."]
[Site "Khanty-Mansiysk RUS"]
[Date "2025.07.21"]
[Round "6.1"]
[White "Sadhwani, Raunak"]
[Black "Sargsyan, Shant"]
[Result "1/2-1/2"]
[WhiteTitle "GM"]
[BlackTitle "GM"]
[WhiteElo "2681"]
[BlackElo "2669"]
[WhiteFideId "35093487"]
[BlackFideId "13306766"]
[EventDate "2025.07.15"]

1. Nf3 d5 2. e3 Nf6 3. c4 e6 4. Nc3 c5 5. cxd5 exd5 6. d4 Nc6 7. Bb5 cxd4 8.
Nxd4 Bd7 9. O-O Bd6 10. Nf3 Be6 11. b3 O-O 12. Bb2 Ne5 13. Be2 Nxf3+ 14. Bxf3
Be5 15. Qd2 Qa5 16. Rfd1 Rfd8 17. Ne2 Qxd2 18. Rxd2 Bxb2 19. Rxb2 Rac8 20. Rd1
g5 21. Nd4 Kg7 1/2-1/2

[Event "22nd Karpov Int."]
[Site "Khanty-Mansiysk RUS"]
[Date "2025.07.21"]
[Round "6.2"]
[White "Sjugirov, Sanan"]
[Black "Tabatabaei, M. Amin"]
[Result "1/2-1/2"]
[WhiteTitle "GM"]
[BlackTitle "GM"]
[WhiteElo "2635"]
[BlackElo "2659"]
[WhiteFideId "4189302"]
[BlackFideId "12521213"]
[EventDate "2025.07.15"]

1. e4 e5 2. Nf3 Nc6 3. Bb5 Nf6 4. d3 d6 5. O-O a6 6. Bxc6+ bxc6 7. Re1 c5 8. c3
Bg4 9. Nbd2 Be7 10. h3 Bh5 11. Nf1 O-O 12. Ng3 Bg6 13. Nh4 a5 14. Qf3 Nh5 15.
Nhf5 Nxg3 16. fxg3 Bxf5 17. Qxf5 Rb8 18. Re2 Qc8 19. Qxc8 Rfxc8 20. Be3 h6 21.
Kf2 Rb7 22. Rc1 Rcb8 23. Rcc2 Bg5 24. Bxg5 hxg5 25. Kf3 a4 26. c4 f6 27. h4 gxh4
28. gxh4 c6 29. h5 Kf7 30. g4 Ke6 31. Rh2 d5 32. cxd5+ cxd5 33. h6 dxe4+ 34.
dxe4 gxh6 35. Rxh6 Rxb2 36. Rxb2 Rxb2 37. g5 Rxa2 38. Rxf6+ Ke7 39. Rc6 a3 1/2-1/2

[Event "22nd Karpov Int."]
[Site "Khanty-Mansiysk RUS"]
[Date "2025.07.21"]
[Round "6.3"]
[White "Artemiev, Vladislav"]
[Black "Vallejo Pons, Francisco"]
[Result "1/2-1/2"]
[WhiteTitle "GM"]
[BlackTitle "GM"]
[WhiteElo "2672"]
[BlackElo "2638"]
[WhiteFideId "24101605"]
[BlackFideId "2205530"]
[EventDate "2025.07.15"]

1. d4 d5 2. c4 dxc4 3. Nf3 c5 4. e3 e6 5. Bxc4 Nf6 6. O-O a6 7. Bd3 cxd4 8. exd4
Nc6 9. Nc3 Be7 10. Re1 O-O 11. Bg5 b5 12. Ne4 Nxe4 13. Bxe4 Bxg5 14. Bxc6 Ra7
15. a4 bxa4 1/2-1/2

[Event "22nd Karpov Int."]
[Site "Khanty-Mansiysk RUS"]
[Date "2025.07.21"]
[Round "6.4"]
[White "Nesterov, Arseniy"]
[Black "Vokhidov, Shamsiddin"]
[Result "1/2-1/2"]
[WhiteTitle "GM"]
[BlackTitle "GM"]
[WhiteElo "2601"]
[BlackElo "2650"]
[WhiteFideId "24198455"]
[BlackFideId "14204223"]
[EventDate "2025.07.15"]

1. d4 Nf6 2. c4 e6 3. Nf3 d5 4. g3 Be7 5. Bg2 O-O 6. Nc3 Nbd7 7. Qd3 b6 8. cxd5
Nxd5 9. O-O Bb7 10. Nxd5 exd5 11. Bf4 Re8 12. Rfd1 Nf8 13. Rac1 Ne6 14. Ne5 Bf6
15. b4 Qe7 16. b5 a6 17. a4 axb5 18. axb5 Ra3 19. Qc2 Nxd4 20. Rxd4 Bxe5 21.
Bxe5 Qxe5 22. Qd2 g6 23. e3 Rd8 24. e4 Rda8 25. exd5 Ra1 26. Rc4 Rxc1+ 27. Rxc1
Ra1 28. Rd1 Bc8 29. h4 Bd7 30. Rxa1 Qxa1+ 31. Kh2 Qe5 32. Bf1 h5 33. Be2 Kf8 34.
Qb4+ Ke8 35. Qd2 Bf5 36. Bf1 Bg4 37. Bg2 Kd7 38. Qc2 Qd4 39. Qc6+ Kd8 40. Qa8+
Ke7 41. Qa3+ Qc5 42. Qb2 Bd7 43. Qe5+ Kd8 44. Qf6+ Qe7 45. Qh8+ Qe8 46. Qf6+ Qe7
47. Qh8+ Qe8 48. Qf6+ Qe7 1/2-1/2

[Event "22nd Karpov Int."]
[Site "Khanty-Mansiysk RUS"]
[Date "2025.07.21"]
[Round "6.5"]
[White "Martirosyan, Haik M."]
[Black "Malakhov, Vladimir"]
[Result "1/2-1/2"]
[WhiteTitle "GM"]
[BlackTitle "GM"]
[WhiteElo "2628"]
[BlackElo "2642"]
[WhiteFideId "13306553"]
[BlackFideId "4120787"]
[EventDate "2025.07.15"]

1. d4 d5 2. c4 c6 3. Nf3 Nf6 4. Nc3 a6 5. c5 Nbd7 6. Bf4 Nh5 7. Bd2 Nhf6 8. Qc2
g6 9. g3 Bg7 10. Bg2 O-O 11. O-O b6 12. cxb6 Nxb6 13. Ne5 Bf5 14. e4 dxe4 15.
Nxc6 Qd7 16. Nxe4 Nxe4 17. Bxe4 Rfc8 18. Rac1 e6 19. Bxf5 gxf5 20. b4 Nd5 21. a4
Qb7 22. Qc4 Nb6 23. Qc2 Nd5 24. Qc4 Nb6 25. Qc2 1/2-1/2

[Event "22nd Karpov Int."]
[Site "Khanty-Mansiysk RUS"]
[Date "2025.07.22"]
[Round "7.1"]
[White "Malakhov, Vladimir"]
[Black "Sadhwani, Raunak"]
[Result "1/2-1/2"]
[WhiteTitle "GM"]
[BlackTitle "GM"]
[WhiteElo "2642"]
[BlackElo "2681"]
[WhiteFideId "4120787"]
[BlackFideId "35093487"]
[EventDate "2025.07.15"]

1. Nf3 d5 2. e3 Nf6 3. c4 e6 4. Nc3 c5 5. d4 dxc4 6. Bxc4 a6 7. a4 Nc6 8. O-O
Be7 9. dxc5 Qxd1 10. Rxd1 Bxc5 11. Bd2 Ke7 12. Be1 1/2-1/2

[Event "22nd Karpov Int."]
[Site "Khanty-Mansiysk RUS"]
[Date "2025.07.22"]
[Round "7.2"]
[White "Vokhidov, Shamsiddin"]
[Black "Martirosyan, Haik M."]
[Result "1/2-1/2"]
[WhiteTitle "GM"]
[BlackTitle "GM"]
[WhiteElo "2650"]
[BlackElo "2628"]
[WhiteFideId "14204223"]
[BlackFideId "13306553"]
[EventDate "2025.07.15"]

1. e4 e5 2. Nf3 Nc6 3. Bc4 Bc5 4. O-O Nf6 5. d3 O-O 6. h3 h6 7. c3 d6 8. Re1 a5
9. Nbd2 Be6 10. Bb5 Nd7 11. Ba4 Qb8 12. Nf1 b5 13. Bc2 Qb6 14. Be3 Bxe3 15. Nxe3
Nf6 16. d4 exd4 17. cxd4 Ne7 18. Qd2 Rad8 19. a4 d5 20. e5 Ne4 21. Qe2 bxa4 22.
Rxa4 c5 23. Nxd5 Bxd5 24. Bxe4 Bxe4 25. Qxe4 cxd4 26. Nxd4 Qxb2 27. e6 f5 28.
Qf4 Rd5 29. Rc4 Qb8 30. Qc1 Qd6 31. Qc3 Rd8 32. Nf3 Rd1 33. Qxa5 Rxe1+ 34. Qxe1
Qd1 35. Qxd1 Rxd1+ 36. Kh2 Rd6 37. Nd4 Kh7 38. g4 Kg6 39. Kg3 Kf6 40. f3 g6 41.
f4 g5 42. Kf3 fxg4+ 43. Kxg4 gxf4 44. Kxf4 Rd5 45. Ra4 Rh5 46. Kg3 Nf5+ 47. Nxf5
Rxf5 48. Re4 Ke7 1/2-1/2

[Event "22nd Karpov Int."]
[Site "Khanty-Mansiysk RUS"]
[Date "2025.07.22"]
[Round "7.4"]
[White "Tabatabaei, M. Amin"]
[Black "Artemiev, Vladislav"]
[Result "1/2-1/2"]
[WhiteTitle "GM"]
[BlackTitle "GM"]
[WhiteElo "2659"]
[BlackElo "2672"]
[WhiteFideId "12521213"]
[BlackFideId "24101605"]
[EventDate "2025.07.15"]

1. c4 c6 2. Nf3 Nf6 3. d4 d5 4. cxd5 cxd5 5. Nc3 Nc6 6. Bf4 Nh5 7. Bd2 Nf6 8.
Bf4 Nh5 9. Bd2 Nf6 10. e3 g6 11. h3 Bg7 12. Rc1 O-O 13. Qb3 Na5 14. Qa3 b6 15.
b3 Bb7 16. Be2 Nc6 17. O-O e6 18. Rc2 Qb8 19. b4 Rc8 20. Qb3 Ne8 21. Rfc1 Nd6 1/2-1/2

[Event "22nd Karpov Int."]
[Site "Khanty-Mansiysk RUS"]
[Date "2025.07.22"]
[Round "7.5"]
[White "Sargsyan, Shant"]
[Black "Sjugirov, Sanan"]
[Result "1/2-1/2"]
[WhiteTitle "GM"]
[BlackTitle "GM"]
[WhiteElo "2669"]
[BlackElo "2635"]
[WhiteFideId "13306766"]
[BlackFideId "4189302"]
[EventDate "2025.07.15"]

1. Nf3 d5 2. c4 c6 3. e3 Nf6 4. Nc3 Nbd7 5. d4 e6 6. Be2 Bd6 7. O-O O-O 8. a4 a5
9. b3 b6 10. Bb2 Bb7 11. Qc2 Qe7 12. Rad1 Rac8 13. Qb1 h6 14. h3 Rfd8 1/2-1/2

[Event "22nd Karpov Int."]
[Site "Khanty-Mansiysk RUS"]
[Date "2025.07.23"]
[Round "8.1"]
[White "Sadhwani, Raunak"]
[Black "Sjugirov, Sanan"]
[Result "1/2-1/2"]
[WhiteTitle "GM"]
[BlackTitle "GM"]
[WhiteElo "2681"]
[BlackElo "2635"]
[WhiteFideId "35093487"]
[BlackFideId "4189302"]
[EventDate "2025.07.15"]

1. e4 e5 2. Nf3 Nc6 3. Bb5 a6 4. Ba4 Nf6 5. O-O b5 6. Bb3 Bb7 7. Re1 Bc5 8. c3
d6 9. d4 Bb6 10. Be3 O-O 11. Nbd2 1/2-1/2

[Event "22nd Karpov Int."]
[Site "Khanty-Mansiysk RUS"]
[Date "2025.07.23"]
[Round "8.2"]
[White "Artemiev, Vladislav"]
[Black "Sargsyan, Shant"]
[Result "1-0"]
[WhiteTitle "GM"]
[BlackTitle "GM"]
[WhiteElo "2672"]
[BlackElo "2669"]
[WhiteFideId "24101605"]
[BlackFideId "13306766"]
[EventDate "2025.07.15"]

1. c4 e5 2. Nc3 Bb4 3. Nd5 Be7 4. Nf3 d6 5. d4 Nf6 6. dxe5 dxe5 7. Nxe5 Nxd5 8.
cxd5 O-O 9. e3 Bf6 10. Nf3 Bf5 11. Bc4 Nd7 12. Bd3 Bxd3 13. Qxd3 Re8 14. O-O Qe7
15. Bd2 Nb6 16. Rac1 Rad8 17. Qb3 Qd7 18. Rfd1 Qxd5 19. Rxc7 Qxb3 20. axb3 g5
21. h3 h5 22. g4 hxg4 23. hxg4 Re4 24. Kf1 Rxg4 25. Ra1 Nc8 26. Bc3 Bxc3 27.
bxc3 b6 28. c4 f6 29. Nd4 Rh4 30. Ke2 Rh7 31. Rc6 Nd6 32. Ne6 Rdd7 33. Rd1 Ne8
34. Rd5 Rhe7 35. Rc8 Kf7 36. Nd8+ Kf8 37. Ne6+ Kf7 38. Nd8+ Kf8 39. Nc6 Rxd5 40.
cxd5 Rd7 41. e4 f5 42. Ke3 fxe4 43. Kxe4 Kf7 44. Ra8 Nd6+ 45. Ke5 Nb5 46. Nd8+
Ke7 47. Ne6 g4 48. Rg8 Nd6 49. Ng5 a5 50. Rg6 Nf7+ 51. Nxf7 Kxf7 52. Rxg4 Re7+
53. Kd6 Re2 54. Kc7 Rc2+ 55. Rc4 Rxc4+ 56. bxc4 a4 57. d6 a3 58. d7 a2 59. d8=Q
a1=Q 60. Qd5+ Kg7 61. Qg5+ Kh8 62. Qh4+ Kg8 63. Kxb6 Qb2+ 64. Kc6 Qb4 65. Qg5+
Kh7 66. Qh5+ Kg7 67. Qe5+ Kg8 68. Qe8+ Kg7 69. Qd7+ 1-0

[Event "22nd Karpov Int."]
[Site "Khanty-Mansiysk RUS"]
[Date "2025.07.23"]
[Round "8.3"]
[White "Nesterov, Arseniy"]
[Black "Tabatabaei, M. Amin"]
[Result "1/2-1/2"]
[WhiteTitle "GM"]
[BlackTitle "GM"]
[WhiteElo "2601"]
[BlackElo "2659"]
[WhiteFideId "24198455"]
[BlackFideId "12521213"]
[EventDate "2025.07.15"]

1. d4 Nf6 2. c4 e6 3. Nf3 d5 4. Nc3 c5 5. cxd5 Nxd5 6. e4 Nxc3 7. bxc3 cxd4 8.
cxd4 Bb4+ 9. Bd2 Bxd2+ 10. Qxd2 O-O 11. Bc4 Nd7 12. O-O b6 13. a4 Bb7 14. Bd3
Nf6 15. Rfe1 h6 16. a5 a6 17. axb6 Qxb6 18. Rab1 Qa7 19. Qa5 Rac8 20. Ra1 Rfd8
21. h3 Qa8 22. Bxa6 Nxe4 23. Qb6 Bxa6 24. Rxa6 Qd5 25. Ra5 Qd6 26. Qxd6 Nxd6 27.
Rc5 Nb7 28. Rb5 Nd6 29. Rc5 Nb7 30. Rb5 Rc7 31. Rd1 Nd6 32. Rc5 Rb7 33. Rc2 Nf5
34. Rcd2 Rb5 35. g3 g5 36. Kg2 Kg7 37. Ne1 Kf6 38. Rd3 Rb2 39. Nf3 Kg7 40. Ne5
Ra2 41. Ng4 Ra5 42. Ne3 Ne7 43. R3d2 h5 44. Kf3 Kg6 45. Rb2 Ra7 46. Rbd2 Rad7
47. Nc4 Nc6 48. Ke4 f6 49. g4 Rd5 50. Ke3 h4 51. Ke4 f5+ 52. Ke3 fxg4 53. hxg4
Rf8 54. f3 Rf4 55. Rd3 Kg7 56. Kf2 Nxd4 57. Nb6 Rd8 58. Kg2 e5 59. Nc4 e4 60.
fxe4 Rxg4+ 61. Kh1 Rxe4 62. Nd2 Re2 63. Nf1 Re4 64. Nd2 Re2 65. Nf1 Rf2 66. Nh2
Rf4 67. Nf3 Nxf3 68. Rxd8 Kg6 69. Kg2 Ne5 70. R8d4 Rf7 71. Re4 Kf5 72. Ree1 Ng6
73. Rd5+ Kg4 74. Rg1 Rf3 75. Rxg5+ Kxg5 76. Kxf3+ Kf5 77. Ra1 Ne5+ 78. Kg2 Ng6
79. Kh3 Ne5 80. Kxh4 Kf4 81. Ra4+ Kf5 82. Kg3 Nd3 83. Rf4+ Nxf4 1/2-1/2

[Event "22nd Karpov Int."]
[Site "Khanty-Mansiysk RUS"]
[Date "2025.07.23"]
[Round "8.5"]
[White "Malakhov, Vladimir"]
[Black "Vokhidov, Shamsiddin"]
[Result "1/2-1/2"]
[WhiteTitle "GM"]
[BlackTitle "GM"]
[WhiteElo "2642"]
[BlackElo "2650"]
[WhiteFideId "4120787"]
[BlackFideId "14204223"]
[EventDate "2025.07.15"]

1. Nf3 Nf6 2. c4 e6 3. Nc3 d5 4. e3 b6 5. cxd5 exd5 6. g3 Bd6 7. Bg2 O-O 8. O-O
Re8 9. b3 Ba6 10. d3 c5 11. Bb2 Nc6 12. a4 Qd7 13. Nb5 Be7 14. d4 cxd4 15. Nfxd4
Nxd4 16. Qxd4 Bxb5 17. axb5 Qxb5 18. Qa4 Qxa4 19. Rxa4 a5 20. Bxf6 Bxf6 21. Bxd5
Rac8 22. b4 Bc3 23. bxa5 bxa5 24. Rf4 1/2-1/2

[Event "22nd Karpov Int."]
[Site "Khanty-Mansiysk RUS"]
[Date "2025.07.24"]
[Round "9.1"]
[White "Vokhidov, Shamsiddin"]
[Black "Sadhwani, Raunak"]
[Result "1/2-1/2"]
[WhiteTitle "GM"]
[BlackTitle "GM"]
[WhiteElo "2650"]
[BlackElo "2681"]
[WhiteFideId "14204223"]
[BlackFideId "35093487"]
[EventDate "2025.07.15"]

1. e4 e5 2. Nf3 Nc6 3. Bb5 Nf6 4. d3 Bc5 5. Ba4 O-O 6. O-O d6 7. c3 Ne7 8. Re1
Ng6 9. Nbd2 c6 10. h3 Bb6 11. Bc2 Be6 12. d4 exd4 13. cxd4 d5 14. e5 Nh5 15. Nb3
Nhf4 16. Bxf4 Nxf4 17. Qd2 Ng6 18. Ng5 Bc8 19. h4 h6 20. Nxf7 Kxf7 21. e6+ Bxe6
22. Bxg6+ Kxg6 23. Rxe6+ Kf7 24. Rae1 Qxh4 25. g3 Qg4 26. Re7+ Kg8 27. Rxb7 Rae8
28. Rbe7 Rxe7 29. Rxe7 h5 30. Qe3 h4 31. Qe6+ Qxe6 32. Rxe6 hxg3 33. fxg3 Rf6
34. Re8+ Kf7 35. Rc8 Rg6 36. Kf2 Rf6+ 37. Kg2 Re6 38. Kf3 Rf6+ 1/2-1/2

[Event "22nd Karpov Int."]
[Site "Khanty-Mansiysk RUS"]
[Date "2025.07.24"]
[Round "9.2"]
[White "Vallejo Pons, Francisco"]
[Black "Malakhov, Vladimir"]
[Result "1/2-1/2"]
[WhiteTitle "GM"]
[BlackTitle "GM"]
[WhiteElo "2638"]
[BlackElo "2642"]
[WhiteFideId "2205530"]
[BlackFideId "4120787"]
[EventDate "2025.07.15"]

1. e4 e5 2. Nf3 Nc6 3. d4 exd4 4. Nxd4 Qf6 5. Nf3 Bb4+ 6. c3 Bc5 7. Be2 Nge7 8.
O-O d6 9. a4 a6 10. b4 Ba7 11. Bg5 Qg6 12. Bh4 O-O 13. Nbd2 f6 14. b5 Nd8 15.
Nd4 Qh6 16. Bg3 f5 17. exf5 Bxd4 18. cxd4 axb5 19. f6 Qxf6 20. axb5 Rxa1 21.
Qxa1 Nf5 22. b6 Ne6 23. bxc7 Nxc7 24. Qa5 1/2-1/2

[Event "22nd Karpov Int."]
[Site "Khanty-Mansiysk RUS"]
[Date "2025.07.24"]
[Round "9.3"]
[White "Tabatabaei, M. Amin"]
[Black "Martirosyan, Haik M."]
[Result "1/2-1/2"]
[WhiteTitle "GM"]
[BlackTitle "GM"]
[WhiteElo "2659"]
[BlackElo "2628"]
[WhiteFideId "12521213"]
[BlackFideId "13306553"]
[EventDate "2025.07.15"]

1. e4 e5 2. Nf3 Nc6 3. Bb5 Nf6 4. O-O Nxe4 5. Re1 Nd6 6. Nxe5 Be7 7. Bf1 Nxe5 8.
Rxe5 O-O 9. Nc3 Ne8 10. Nd5 Bd6 11. Re1 c6 12. Ne3 Bc7 13. Nf5 Nf6 14. Ne7+ Kh8
15. Nxc8 Qxc8 16. b3 d5 17. Qf3 Re8 18. Bb2 Qg4 19. Qxg4 Nxg4 20. Be2 Nf6 21.
Bxf6 gxf6 22. Bd3 Bf4 23. Rad1 Kg7 24. g3 Bd6 25. Kf1 Re6 26. a4 a5 27. c3 h6
28. Re3 Bc5 29. Rf3 d4 30. c4 Re5 31. Rf4 Rae8 32. Rg4+ Rg5 33. Rh4 Rge5 34. f3
R5e7 35. Rg4+ Kh8 36. Rh4 Kg7 37. Rg4+ Kh8 38. Re4 Rxe4 39. Bxe4 Bb4 40. Kf2 Kg7
41. Bd3 Re5 42. f4 Re8 43. Kf3 Re7 44. Kg4 Re8 45. Kf5 Re7 46. g4 Re8 47. h4 Re7
48. Be4 Re8 49. d3 Rh8 50. Rg1 Be7 51. Rg2 Re8 52. Rc2 Bc5 53. Rc1 Rh8 54. Rh1
Bb4 55. g5 fxg5 56. fxg5 hxg5 57. Kxg5 Bd2+ 58. Kf5 Rh5+ 59. Kg4 Re5 60. Rh2 Be3
61. Rb2 Bc1 62. Rc2 Be3 63. Rb2 Bc1 64. Rf2 Be3 65. Rf1 Bd2 66. h5 Be3 67. Rf5
Rxf5 68. Kxf5 c5 69. Bxb7 Bd2 70. Ke4 1/2-1/2

[Event "22nd Karpov Int."]
[Site "Khanty-Mansiysk RUS"]
[Date "2025.07.24"]
[Round "9.4"]
[White "Sargsyan, Shant"]
[Black "Nesterov, Arseniy"]
[Result "1/2-1/2"]
[WhiteTitle "GM"]
[BlackTitle "GM"]
[WhiteElo "2669"]
[BlackElo "2601"]
[WhiteFideId "13306766"]
[BlackFideId "24198455"]
[EventDate "2025.07.15"]

1. c4 e6 2. Nc3 d5 3. d4 Nf6 4. cxd5 exd5 5. Bg5 Be7 6. e3 O-O 7. Bd3 c6 8. Nf3
Re8 9. O-O Bg4 10. Qb3 Qb6 11. Qc2 Bxf3 12. gxf3 Nbd7 13. Kh1 g6 14. Rg1 Nh5 15.
h4 Qd8 16. f4 Kh8 17. Rg2 Rg8 18. Rag1 Qf8 19. f5 f6 20. Bf4 Nxf4 21. exf4 g5
22. hxg5 fxg5 23. f6 Nxf6 24. Rh2 Bd6 25. Bxh7 Bxf4 26. Rh3 g4 27. Bxg8+ gxh3
28. Be6 Qh6 29. Qf5 Rf8 30. Rg6 1/2-1/2

[Event "22nd Karpov Int."]
[Site "Khanty-Mansiysk RUS"]
[Date "2025.07.24"]
[Round "9.5"]
[White "Sjugirov, Sanan"]
[Black "Artemiev, Vladislav"]
[Result "1-0"]
[WhiteTitle "GM"]
[BlackTitle "GM"]
[WhiteElo "2635"]
[BlackElo "2672"]
[WhiteFideId "4189302"]
[BlackFideId "24101605"]
[EventDate "2025.07.15"]

1. c4 c6 2. Nf3 Nf6 3. d4 d5 4. cxd5 cxd5 5. Nc3 Nc6 6. Bf4 Nh5 7. Bd2 Nf6 8.
Bf4 Nh5 9. Be5 f6 10. Bg3 e5 11. e3 e4 12. Nd2 Nxg3 13. hxg3 Be6 14. Ndxe4 dxe4
15. d5 Bxd5 16. Qxd5 Qxd5 17. Nxd5 O-O-O 18. Rd1 Ne5 19. Be2 f5 20. f4 exf3 21.
gxf3 g6 22. f4 Nc6 23. g4 Nb4 24. Nxb4 Rxd1+ 25. Bxd1 Bxb4+ 26. Kf2 fxg4 27.
Bxg4+ Kb8 28. Kf3 Be7 29. e4 h5 30. Be6 Rf8 31. e5 Bg5 32. f5 gxf5 33. Rxh5 Bc1
34. Bd7 Bxb2 35. e6 Bf6 36. Rh7 Kc7 37. e7 Bxe7 38. Rxe7 Kd6 39. Rh7 a6 40. Kf4
Rg8 41. Bxf5 Rg2 42. Rd7+ Kc5 43. Be6 b5 44. Kf3 Rg6 45. Bf7 Rg1 46. Ke3 Rf1 47.
Kd2 a5 48. Rc7+ Kb6 49. Re7 Kc5 50. Bg8 Rg1 51. Re5+ Kd6 52. Re8 Kc5 53. Re5+
Kd4 54. Rd5+ Ke4 55. Rd8 Rg2+ 56. Kd1 Rg1+ 57. Kc2 Rg2+ 58. Kc1 Rg1+ 59. Kb2
Rg2+ 60. Ka3 Rg3+ 61. Kb2 Rg2+ 62. Kc3 Rg3+ 63. Kc2 Rg2+ 64. Kd1 Rg1+ 65. Ke2
Rg2+ 66. Ke1 Ke3 67. Kd1 b4 68. Bd5 Rh2 69. Bc4 a4 70. Rd3+ Ke4 71. Rd2 Rh3 72.
Bd5+ Ke5 73. Kc1 Rh7 74. Bf3 Rh3 75. Bd1 b3 76. a3 Ke4 77. Kb2 Ke3 78. Re2+ Kd4
79. Rf2 Kc5 80. Bg4 Rd3 81. Bh5 Re3 82. Rf4 Rh3 83. Rxa4 Rh2+ 84. Kxb3 Rh3+ 85.
Kc2 Rh2+ 86. Kc3 Rh3+ 87. Kd2 Rh2+ 88. Be2 Kb6 89. Re4 Ka5 90. Kc3 Rh3+ 91. Bd3
Rh5 92. Rf4 Rh3 93. Rd4 Rh5 94. Kb3 Re5 95. Ra4+ Kb6 96. Ra6+ 1-0